| 000 | 01136nam0a22002771 4500 | ||
|---|---|---|---|
| 001 | v19\rc\2009647 | ||
| 005 | 20080925104335.3 | ||
| 035 | _a(NLR Aleph) 005091630 | ||
| 090 |
_a7303129 _c7303129 |
||
| 100 | _a20080925e19011901|||y0rusy50 ca | ||
| 101 | 0 | _arus | |
| 102 | _aRU | ||
| 105 | _aa z ||||| | ||
| 200 | 1 |
_aРадикальное оперативное лечение аппендицита в период затишья _fР.Р. Вреден |
|
| 210 |
_a[Санкт-Петербург] _cПечатня С.П. Яковлева _dценз. 1901 |
||
| 215 |
_a3 с., [2] л. ил. _d26 |
||
| 300 | _aНапеч. также в: 1-й съезд Российских хирургов. М., 1901, с. 124-132 | ||
| 309 | _aБез тит. л. и обл. | ||
| 311 | _aИз "Летописи рус. хирургии", кн. 3. 1901 г. | ||
| 488 | 0 | _12001#$aЛетопись русской хирургии$v1901, кн. 3 | |
| 700 | 1 |
_aВреден _bР. Р. _f1867-1934 _gРоман Романович |
|
| 801 | 0 |
_aRU _bNLR _gpsbo |
|
| 801 | 1 |
_aRU _bProSoft-M _2rusmarc |
|
| 852 |
_aNLR _j18.336.1.317 |
||
| 942 | _cBOOK | ||
| 980 | _aNB | ||